| 000 | 00536nam a2200205 4500 | ||
|---|---|---|---|
| 001 | 37581 | ||
| 003 | BD-RjUL | ||
| 005 | 20211209052626.0 | ||
| 008 | 150126s2006 ii a|||| |||| 00| 0 eng d | ||
| 035 | _a(BD-RjUL)37685 | ||
| 040 |
_aBD-RjUL _beng _cBD-RjUL |
||
| 041 | _aeng | ||
| 082 |
_a632.96 _bRAT 2006 |
||
| 100 |
_aRanjan, R. _9115412 |
||
| 245 |
_aTransgenic plants / _cR. Ranjan. |
||
| 260 |
_aJodhpur : _bAgrobios, _c2006. |
||
| 300 |
_a110 p. : _bill. ; _c22 cm. |
||
| 650 |
_aTransgenic plants. _9115000 |
||
| 942 |
_2ddc _cBK |
||
| 999 |
_c37581 _d37581 |
||